SUSE Linux 10 bible / (Record no. 26423)
[ view plain ]
| 000 -LEADER | |
|---|---|
| fixed length control field | 01327cam a22003135a 4500 |
| 001 - CONTROL NUMBER | |
| control field | 14117234 |
| 005 - DATE AND TIME OF LATEST TRANSACTION | |
| control field | 20201128024312.0 |
| 008 - FIXED-LENGTH DATA ELEMENTS--GENERAL INFORMATION | |
| fixed length control field | 050922t2006 inua frb 001 0 eng d |
| 020 ## - INTERNATIONAL STANDARD BOOK NUMBER | |
| International Standard Book Number | 0471754889 |
| 020 ## - INTERNATIONAL STANDARD BOOK NUMBER | |
| International Standard Book Number | 9780471754886 |
| 040 ## - CATALOGING SOURCE | |
| Original cataloging agency | DLC |
| Transcribing agency | DLC |
| Modifying agency | YDX |
| -- | BAKER |
| -- | UKM |
| -- | DLC |
| -- | EG-ScBUE |
| Language of cataloging | eng |
| 082 04 - DEWEY DECIMAL CLASSIFICATION NUMBER | |
| Classification number | 005.432 |
| Edition number | 22 |
| Item number | DAV |
| 100 1# - MAIN ENTRY--PERSONAL NAME | |
| Personal name | Davies, Justin, |
| Dates associated with a name | 1979- |
| 245 10 - TITLE STATEMENT | |
| Title | SUSE Linux 10 bible / |
| Statement of responsibility, etc | Justin Davies, Roger Whittaker, William von Hagen. |
| 260 ## - PUBLICATION, DISTRIBUTION, ETC. (IMPRINT) | |
| Place of publication, distribution, etc | Indianapolis : |
| Name of publisher, distributor, etc | Wiley Publishing, |
| Date of publication, distribution, etc | c.2006. |
| 300 ## - PHYSICAL DESCRIPTION | |
| Extent | xlvii, 852 p. : |
| Other physical details | ill. ; |
| Dimensions | 24 cm. + |
| Accompanying material | CD-ROM (4 3/4 in.) |
| 504 ## - BIBLIOGRAPHY, ETC. NOTE | |
| Bibliography, etc | Includes bibliographical references and index. |
| 538 ## - SYSTEM DETAILS NOTE | |
| System details note | System requirements: PC with a Pentium or AMD processor running at 90 MHz; 128 MB of total RAM installed; DVD-ROM drive. |
| 630 07 - SUBJECT ADDED ENTRY--UNIFORM TITLE | |
| Uniform title | Linux. |
| 650 #7 - SUBJECT ADDED ENTRY--TOPICAL TERM | |
| Topical term or geographic name as entry element | Operating systems (Computers) |
| Source of heading or term | BUEsh |
| 9 (RLIN) | 3050 |
| 651 ## - SUBJECT ADDED ENTRY--GEOGRAPHIC NAME | |
| Source of heading or term | BUEsh |
| 653 ## - INDEX TERM--UNCONTROLLED | |
| Resource For college | Informatics and Computer Science |
| -- | Generalities |
| Arrived date list | March2018 |
| 700 1# - ADDED ENTRY--PERSONAL NAME | |
| Personal name | Whittaker, Roger, |
| Dates associated with a name | 1955- |
| 9 (RLIN) | 39520 |
| 700 1# - ADDED ENTRY--PERSONAL NAME | |
| Personal name | Von Hagen, William. |
| 856 41 - ELECTRONIC LOCATION AND ACCESS | |
| Materials specified | Table of contents |
| Uniform Resource Identifier | <a href="http://www.loc.gov/catdir/toc/ecip0519/2005027885.html">http://www.loc.gov/catdir/toc/ecip0519/2005027885.html</a> |
| 856 42 - ELECTRONIC LOCATION AND ACCESS | |
| Materials specified | Publisher description |
| Uniform Resource Identifier | <a href="http://www.loc.gov/catdir/enhancements/fy0623/2005027885-d.html">http://www.loc.gov/catdir/enhancements/fy0623/2005027885-d.html</a> |
| 856 42 - ELECTRONIC LOCATION AND ACCESS | |
| Materials specified | Contributor biographical information |
| Uniform Resource Identifier | <a href="http://www.loc.gov/catdir/enhancements/fy0740/2005027885-b.html">http://www.loc.gov/catdir/enhancements/fy0740/2005027885-b.html</a> |
| 942 ## - ADDED ENTRY ELEMENTS (KOHA) | |
| Source of classification or shelving scheme | Dewey Decimal Classification |
| Withdrawn status | Item status | Source of classification or shelving scheme | Damaged status | Not for loan | Home library | Current library | Shelving location | Date acquired | Total Checkouts | Full call number | Barcode | Date last seen | Koha item type |
|---|---|---|---|---|---|---|---|---|---|---|---|---|---|
| Dewey Decimal Classification | Central Library | Central Library | Lower Floor | 27/03/2018 | 005.432 DAV | 000047525 | 15/07/2025 | Book - Borrowing | |||||
| Dewey Decimal Classification | Central Library | Central Library | First floor | 27/03/2018 | 005.432 DAV | 000047526 | 24/08/2022 | CD | DVD - With book |